| 000 | 00433nam a22001337a 4500 | ||
|---|---|---|---|
| 003 | SGT | ||
| 082 |
_a617.645 _bC18C |
||
| 100 | _aSWETA, CHOUDHARY | ||
| 245 | _aA COMPARATIVE EVALUATION OF THE EFFECTIVENESS OF THREE DIFFERENT IRRIGATING SOLUTIONS ON MICROORGANISMS IN ROOT CANAL OF PRIMARY TEETH AN IN VIVO STUDY | ||
| 260 |
_aDELNI NCR _bSGT UNIVERSITY GURUGRAM _c2018 |
||
| 300 | _a1-60 | ||
| 650 | _aPEDODONTICS | ||
| 942 |
_2ddc _cTH |
||
| 999 |
_c17082 _d17082 |
||